LEADER 01290nam 2200313Ia 450 001 996391115903316 005 20221108071138.0 035 $a(CKB)1000000000665221 035 $a(EEBO)2240857805 035 $a(OCoLC)13018108 035 $a(EXLCZ)991000000000665221 100 $a19860114d1642 uy | 101 0 $aeng 135 $aurbn||||a|bb| 200 10$aMaster Hollis his speech in Parliament the 21, of March 1642$b[electronic resource] $ewherein is contained his declaration concerning the Kings Atturney Generall for his abuse given to the House of Commons in the accusation of high treason against the sixe members of the House : as also his advice concerning the last commands issued from the said House 210 $aLondon $cPrinted for Andrew Coe and Marmaduke Boat$d1642 215 $a8 p 300 $aReproduction of original in Thomason Collection, British Library. 330 $aeebo-0158 607 $aGreat Britain$xPolitics and government$y1642-1649$vSources 700 $aHolles$b Denzil Holles$cBaron,$f1599-1680.$01001819 801 0$bEAA 801 1$bEAA 801 2$bm/c 801 2$bWaOLN 906 $aBOOK 912 $a996391115903316 996 $aMaster Hollis his speech in Parliament, the 21. of March. 1642$92307477 997 $aUNISA LEADER 01239nam0 22003011i 450 001 UON00350611 005 20231205104339.756 010 $a84-283-1704-6 100 $a20100104d1989 |0itac50 ba 101 $aspa 102 $aES 105 $a|||| 1|||| 200 1 $aˆLas ‰lenguas circunvecinas del castellano$ecuestiones de dialectologia hispano-románica$fDiego Catalán$econ la parcial coautoria de Alvaro Galmés de Funtes 210 $aMadrid$cParaninfo$d1989 215 $a326 p.$d22 cm. 410 1$1001UON00173950$12001 $a Colección filológica$1210 $aMadrid$cParaninfo 606 $aLingua spagnola$3UONC039849$2FI 620 $aES$dMadrid$3UONL000218 676 $a460$cSpagnolo e portoghese$v21 700 1$aCATALAN$bDiego$3UONV116545$0192866 702 1$aGALMES DE FUENTES$bAlvaro$3UONV028478 712 $aParaninfo$3UONV260594$4650 801 $aIT$bSOL$c20250801$gRICA 899 $aSIBA - SISTEMA BIBLIOTECARIO DI ATENEO$2UONSI 912 $aUON00350611 950 $aSIBA - SISTEMA BIBLIOTECARIO DI ATENEO$dSI SPA V 0483 $eSI LO 50610 5 0483 996 $aLenguas circunvecinas del castellano$91355711 997 $aUNIOR